[Event "ICS rated blitz match"]
[Site "204.178.125.65"]
[Date "1999.08.24"]
[Round "?"]
[White "Hossa"]
[Black "matar"]
[Result "1-0"]
[WhiteElo "2446"]
[BlackElo "2248"]
[PlyCount "105"]

1. e4 c5 2. Nf3 e6 3. d4 cxd4 4. Nxd4 a6 5. Bd3 Nf6 6. O-O Qc7 7. Bg5 Be7 8. f4
Nc6 9. Nxc6 dxc6 10. Kh1 e5 11. Qd2 h6 12. Bxf6 Bxf6 13. f5 b5 14. a4 Bb7 15.
axb5 axb5 16. Rxa8+ Bxa8 17. Qb4 Be7 18. Qc3 Qd6 19. Rd1 Qc5 20. Be2 Qxc3 21.
Nxc3 Bb4 22. Na2 Bc5 23. b4 Bb6 24. Nc3 Ke7 25. Bh5 Bb7 26. Bxf7 Bd4 27. Be6
Bxc3 28. Rd7+ Kf6 29. Rxb7 Bxb4 30. Rf7+ Kg5 31. g3 Bf8 32. Bd7 h5 33. h4+ Kh6
34. Bxc6 b4 35. Rd7 g6 36. f6 g5 37. f7 gxh4 38. gxh4 Kg7 39. Bd5 Rh6 40. Rd8
Rg6 41. Kh2 Rg4 42. Kh3 Rf4 43. Re8 Rf3+ 44. Kg2 Rc3 45. Bb3 Re3 46. Rxe5 Re2+
47. Kf3 Rh2 48. Rxh5 Rh3+ 49. Kg4 Rh1 50. Rg5+ Kh7 51. Rg8 Rg1+ 52. Kh5 Be7 53.
Rxg1 {matar resigns} 1-0

[Event "ICS rated blitz match"]
[Site "204.178.125.65"]
[Date "1999.08.24"]
[Round "?"]
[White "Swingking"]
[Black "Hossa"]
[Result "0-1"]
[WhiteElo "2386"]
[BlackElo "2454"]
[PlyCount "88"]

1. Nf3 c5 2. e3 d5 3. b3 Bg4 4. Bb5+ Nc6 5. h3 Bxf3 6. Qxf3 a6 7. Bxc6+ bxc6 8.
Bb2 Qc7 9. O-O e5 10. d3 Ne7 11. Nd2 Ng6 12. c4 Rd8 13. Rfd1 Be7 14. Rac1 O-O
15. e4 Qd7 16. cxd5 cxd5 17. Ba3 f5 18. exd5 Qxd5 19. Qxd5+ Rxd5 20. Nc4 Nf4
21. Nb6 Rdd8 22. Kf1 Nxd3 23. Rc2 Nxf2 24. Rxd8 Bxd8 25. Rxf2 Bxb6 26. Rc2 Rc8
27. Ke2 e4 28. Rd2 Rc6 29. Rd7 c4 30. bxc4 Rxc4 31. Bd6 Rc2+ 32. Kd1 Rxg2 33.
Be5 Be3 34. a4 f4 35. Rb7 a5 36. h4 f3 37. Rb8+ Kf7 38. Rb7+ Ke6 39. Bxg7 Rd2+
40. Ke1 f2+ 41. Kf1 Rd1+ 42. Kg2 Rg1+ 43. Kh2 Bf4+ 44. Kh3 44... f1=Q# {
Swingking checkmated} 0-1

[Event "ICS rated blitz match"]
[Site "204.178.125.65"]
[Date "1999.08.24"]
[Round "?"]
[White "Hossa"]
[Black "Swingking"]
[Result "1-0"]
[WhiteElo "2467"]
[BlackElo "2373"]
[PlyCount "55"]

1. d4 Nf6 2. c4 g6 3. Nc3 Bg7 4. e4 d6 5. f3 O-O 6. Be3 e5 7. Nge2 Nbd7 8. d5
Nh5 9. g4 Nhf6 10. Rc1 a5 11. Bg2 Nc5 12. h4 Bxg4 13. fxg4 Nxg4 14. Bxc5 dxc5
15. Bf3 Ne3 16. Qb3 f5 17. Na4 fxe4 18. Bxe4 Nf5 19. Bxf5 gxf5 20. Nxc5 e4 21.
Ne6 Qd6 22. c5 Qe7 23. Nxf8 Qxf8 24. d6+ Kh8 25. dxc7 f4 26. Qxb7 Rc8 27. Nxf4
e3 28. Rf1 {Swingking resigns} 1-0

[Event "ICS rated blitz match"]
[Site "204.178.125.65"]
[Date "1999.08.24"]
[Round "?"]
[White "Hossa"]
[Black "brutus"]
[Result "1-0"]
[WhiteElo "2479"]
[BlackElo "2144"]
[PlyCount "111"]

1. d4 Nf6 2. c4 g6 3. Nc3 d5 4. cxd5 Nxd5 5. e4 Nxc3 6. bxc3 Bg7 7. Bb5+ c6 8.
Be2 b5 9. Nf3 a6 10. O-O O-O 11. Bf4 Bb7 12. Be5 Nd7 13. Bxg7 Kxg7 14. Rb1 Qc7
15. Qd2 e5 16. Rfd1 exd4 17. cxd4 Rfe8 18. Bd3 Nf6 19. Re1 Rad8 20. Rbc1 Qe7
21. Qg5 Ng8 22. Qe3 Nf6 23. Rc5 Nd7 24. Rc2 c5 25. dxc5 Nxc5 26. Bxb5 axb5 27.
Rxc5 Qxe4 28. Qc3+ Kg8 29. Rxe4 Rxe4 30. Qa1 Re2 31. Kf1 Bxf3 32. gxf3 Red2 33.
Qf6 R2d6 34. Qe5 Re6 35. Qb2 Red6 36. Qxb5 R6d7 37. Kg2 h6 38. Qc6 Kg7 39. Qe4
Rd6 40. Qe5+ Kh7 41. f4 Re6 42. Qc7 Red6 43. Qxf7+ Kh8 44. Rc7 R6d7 45. Rxd7
Rxd7 46. Qxd7 Kg8 47. f5 gxf5 48. Qxf5 Kh8 49. Qf8+ Kh7 50. Qf7+ Kh8 51. h4 h5
52. Qxh5+ Kg7 53. Qe5+ Kg6 54. Qe6+ Kh5 55. Qf6 Kg4 56. Qg5# {brutus checkmated
} 1-0

[Event "ICS rated blitz match"]
[Site "204.178.125.65"]
[Date "1999.08.24"]
[Round "?"]
[White "Panthee"]
[Black "Hossa"]
[Result "1/2-1/2"]
[WhiteElo "2191"]
[BlackElo "2483"]
[PlyCount "187"]

1. e4 e5 2. f4 exf4 3. Nf3 Be7 4. Bc4 Bh4+ 5. Kf1 d6 6. d4 Bg4 7. Bxf4 Qf6 8.
Qd2 Bxf3 9. gxf3 g5 10. Be3 Qxf3+ 11. Kg1 Qxe4 12. Nc3 Qg4+ 13. Kf1 Nc6 14. Rg1
Qf3+ 15. Bf2 O-O-O 16. Bd5 Qxf2+ 17. Qxf2 Bxf2 18. Kxf2 Nxd4 19. Rxg5 Nxc2 20.
Rf1 f6 21. Rg7 Nh6 22. Be4 Nb4 23. Kg1 Rdg8 24. Rxg8+ Nxg8 25. Kh1 h5 26. Rg1
Ne7 27. Rg7 Re8 28. Kg2 Rg8 29. Rxg8+ Nxg8 30. Kh3 Ne7 31. Kh4 d5 32. Bb1 d4
33. Ne4 f5 34. Nf2 c5 35. Kxh5 c4 36. Kg5 d3 37. h4 Nbd5 38. h5 Ng8 39. h6 Ngf6
40. Kg6 f4 41. h7 Nxh7 42. Kxh7 f3 43. Kg6 Kd7 44. Kf5 Nb6 45. Ke4 Na4 46. Kxf3
Nxb2 47. Ke3 b5 48. a3 a5 49. Kd2 b4 50. axb4 axb4 51. Kc1 Na4 52. Nxd3 cxd3
53. Bxd3 Kd6 54. Bc2 Nc5 55. Kb2 Kd5 56. Bb3+ Ke4 57. Bc2+ Kd4 58. Bb3 Nd3+ 59.
Kc2 Ne1+ 60. Kb2 Nf3 61. Bf7 Kc5 62. Kb3 Nd4+ 63. Kb2 Kd6 64. Bb3 Ke5 65. Bg8
Kf4 66. Bf7 Ke3 67. Bg8 Ke4 68. Bf7 Kd3 69. Bg8 Ke3 70. Bh7 Kd2 71. Bg6 Ke2 72.
Bh5+ Ke3 73. Bg6 Kd2 74. Bh7 Kd1 75. Be4 Ke1 76. Bd5 Ke2 77. Bg8 Ke1 78. Bc4
Kf2 79. Bd5 Kg3 80. Bg8 Kf3 81. Bh7 Kf4 82. Ka2 Kg5 83. Kb2 Kh4 84. Bg6 Kg4 85.
Bf7 Kf3 86. Bg8 Kg4 87. Kc1 Kf4 88. Kd2 Ke4 89. Kc1 Nb5 90. Kb2 Na7 91. Kb3 Nc6
92. Bf7 Ne5 93. Bg8 Kd4 94. Kxb4 {
Game drawn because neither player has mating material} 1/2-1/2

[Event "ICS rated blitz match"]
[Site "204.178.125.65"]
[Date "1999.08.24"]
[Round "?"]
[White "Hossa"]
[Black "Panthee"]
[Result "1-0"]
[WhiteElo "2472"]
[BlackElo "2202"]
[PlyCount "91"]

1. e4 c5 2. Nf3 d6 3. d4 cxd4 4. Nxd4 Nf6 5. Nc3 a6 6. Bc4 e6 7. O-O Be7 8.
Nde2 b5 9. Bd3 Bb7 10. a3 O-O 11. f3 Nbd7 12. Bg5 d5 13. Qd2 Rc8 14. exd5 Nxd5
15. Bxe7 Qxe7 16. Rad1 Qc5+ 17. Rf2 Ne5 18. Ne4 Qb6 19. Ng5 Nxd3 20. Qxd3 Nf6
21. Nd4 Rfd8 22. f4 h6 23. Ngf3 Ne4 24. Re2 Nc5 25. Qe3 Ne4 26. Ne5 Nf6 27.
Red2 Rd5 28. c3 Rcd8 29. b3 R5d6 30. Rd3 Nd5 31. Qd2 Ne7 32. Qf2 Nc6 33. Ndxc6
Qxf2+ 34. Kxf2 Rxd3 35. Nxd8 Rxd1 36. Nxb7 Rc1 37. c4 bxc4 38. Nxc4 Rc3 39. Nc5
Kf8 40. Nxa6 Rxb3 41. Nc5 Rc3 42. Nd7+ Ke7 43. Ndb6 f6 44. Ke2 e5 45. Nd5+ Ke6
46. Nxc3 {Panthee resigns} 1-0

[Event "ICS rated blitz match"]
[Site "204.178.125.65"]
[Date "1999.08.24"]
[Round "?"]
[White "Panthee"]
[Black "Hossa"]
[Result "0-1"]
[WhiteElo "2196"]
[BlackElo "2478"]
[PlyCount "58"]

1. e4 e5 2. Nf3 Nc6 3. Bc4 Nf6 4. Ng5 d5 5. exd5 Na5 6. Bb5+ c6 7. dxc6 bxc6 8.
Be2 Bc5 9. O-O Rb8 10. b3 Qd4 11. Nc3 O-O 12. Bb2 Qf4 13. Nf3 e4 14. Ne1 Bh3
15. Kh1 Bd6 16. g3 Qh6 17. Rg1 Rfd8 18. Ng2 Be5 19. Ne3 Nb7 20. Na4 Bxb2 21.
Nxb2 Nd5 22. Nxd5 cxd5 23. d4 Nd6 24. Qc1 Qf6 25. Qd2 Nb5 26. c3 Qxf2 27. Rad1
e3 28. Qd3 Nxc3 29. Qxc3 29... Qxe2 {Panthee resigns} 0-1

[Event "ICS rated blitz match"]
[Site "204.178.125.65"]
[Date "1999.08.24"]
[Round "?"]
[White "Hossa"]
[Black "Panthee"]
[Result "1-0"]
[WhiteElo "2483"]
[BlackElo "2191"]
[PlyCount "111"]

1. e4 c5 2. Nf3 a6 3. Nc3 e6 4. d4 cxd4 5. Qxd4 Nc6 6. Qd2 Qc7 7. Be2 Be7 8.
O-O Nf6 9. Rd1 d6 10. Qf4 O-O 11. Be3 Bd7 12. Ng5 Rac8 13. Rd2 Ne5 14. Rad1 Nc4
15. Bxc4 Qxc4 16. e5 Qxf4 17. Bxf4 dxe5 18. Rxd7 Nxd7 19. Rxd7 Bxg5 20. Bxg5 f6
21. Be3 Rfd8 22. Rxd8+ Rxd8 23. f3 Kf7 24. Ne4 Rd1+ 25. Kf2 Rb1 26. Nd6+ Ke7
27. Bc5 Kd7 28. Ba3 b5 29. Ne4 Kc6 30. Kg3 a5 31. Nc3 Rc1 32. Bf8 Rxc2 33. Bxg7
Rxb2 34. Bxf6 Rc2 35. Bxe5 b4 36. Ne4 Rxa2 37. Bg7 b3 38. Be5 b2 39. Nd2 a4 40.
Kf4 a3 41. Nb1 Ra1 42. Nxa3 Rxa3 43. Bxb2 Ra2 44. Bf6 Rxg2 45. h4 Kd5 46. Bc3
Rg6 47. h5 Rg2 48. Bh8 Kd6 49. Be5+ Ke7 50. Ke4 Kf7 51. Bd6 Rh2 52. Bxh2 Kf6
53. Bf4 Kf7 54. Ke5 Ke7 55. Bg5+ Kf7 56. f4 {Panthee resigns} 1-0

[Event "ICS rated blitz match"]
[Site "204.178.125.65"]
[Date "1999.08.25"]
[Round "?"]
[White "Panthee"]
[Black "Hossa"]
[Result "0-1"]
[WhiteElo "2186"]
[BlackElo "2488"]
[PlyCount "56"]

1. e4 e5 2. Nf3 Nc6 3. Bc4 Nf6 4. Ng5 d5 5. exd5 Na5 6. Bb5+ c6 7. dxc6 bxc6 8.
Be2 Bc5 9. d3 h6 10. Ne4 Nxe4 11. dxe4 Qxd1+ 12. Bxd1 Ba6 13. Be2 Bxe2 14. Kxe2
O-O-O 15. b3 Rd7 16. c3 Nb7 17. Nd2 Rhd8 18. Nc4 f6 19. b4 Bb6 20. Nxb6+ axb6
21. Be3 Kc7 22. Rhd1 Rxd1 23. Rxd1 Ra8 24. Rd2 Ra3 25. Rc2 Nd6 26. f3 Nb5 27.
c4 Nc3+ 28. Kf2 28... Nd1+ {Panthee resigns} 0-1

[Event "ICS rated blitz match"]
[Site "204.178.125.65"]
[Date "1999.08.25"]
[Round "?"]
[White "Hossa"]
[Black "Panthee"]
[Result "1-0"]
[WhiteElo "2493"]
[BlackElo "2181"]
[PlyCount "43"]

1. e4 c5 2. Nf3 a6 3. Nc3 e6 4. d4 cxd4 5. Qxd4 Nc6 6. Qd2 Qc7 7. Be2 Be7 8.
O-O Nf6 9. Rd1 d6 10. Qf4 O-O 11. Be3 Bd7 12. Ng5 Rac8 13. Rd2 Rfd8 14. Rad1
Ne5 15. Bd4 Nc4 16. Bxc4 Qxc4 17. Bxf6 gxf6 18. Nxh7 Kxh7 19. Rd3 f5 20. Rh3+
Kg7 21. Qh6+ Kg8 22. Qh8# {Panthee checkmated} 1-0

[Event "ICS rated blitz match"]
[Site "204.178.125.65"]
[Date "1999.08.25"]
[Round "?"]
[White "Panthee"]
[Black "Hossa"]
[Result "0-1"]
[WhiteElo "2176"]
[BlackElo "2498"]
[PlyCount "44"]

1. e4 e5 2. Nf3 Nc6 3. Bc4 Nf6 4. Ng5 d5 5. exd5 Na5 6. Bb5+ c6 7. dxc6 bxc6 8.
Be2 Bc5 9. d3 h6 10. Ne4 Nxe4 11. dxe4 Qxd1+ 12. Bxd1 Ba6 13. Be2 Bxe2 14. Kxe2
O-O-O 15. b3 Rd7 16. c3 Nb7 17. Nd2 Rhd8 18. Nc4 f6 19. b4 Bb6 20. a4 Nd6 21.
Nxb6+ axb6 22. f3 22... Nc4 {Panthee resigns} 0-1

[Event "ICS rated blitz match"]
[Site "204.178.125.65"]
[Date "1999.08.25"]
[Round "?"]
[White "Hossa"]
[Black "Panthee"]
[Result "0-1"]
[WhiteElo "2502"]
[BlackElo "2172"]
[PlyCount "153"]

1. e4 c5 2. Nf3 a6 3. Nc3 e6 4. d4 cxd4 5. Qxd4 Nc6 6. Qd2 Qc7 7. Be2 Be7 8.
O-O Nf6 9. Rd1 d6 10. Qf4 O-O 11. Be3 Bd7 12. Ng5 Rac8 13. Rd2 Ne5 14. Rad1 Nc4
15. Bxc4 Qxc4 16. e5 Qxf4 17. Bxf4 dxe5 18. Rxd7 Nxd7 19. Rxd7 Bxg5 20. Bxg5 f6
21. Be3 Rfd8 22. Rxd8+ Rxd8 23. f3 Kf7 24. Ne4 Rd1+ 25. Kf2 Rb1 26. Nd6+ Ke7
27. Bc5 Kd7 28. Ba3 b5 29. Ne4 Kc6 30. Kg3 a5 31. Nc3 Rc1 32. Bf8 Rxc2 33. Bxg7
Rxb2 34. Bxf6 Rc2 35. Bxe5 b4 36. Ne4 Rxa2 37. Bg7 b3 38. Be5 b2 39. Nd2 a4 40.
Kf4 a3 41. Nb1 Ra1 42. Nxa3 Rxa3 43. Bxb2 Ra2 44. Bf6 Rxg2 45. h4 Kd5 46. Bc3
Rg6 47. h5 Rg2 48. Bh8 Kd6 49. Be5+ Ke7 50. Ke4 Kf7 51. Bd6 Rg1 52. Bf4 Kf6 53.
h6 Re1+ 54. Be3 Kg6 55. Kd3 Rxe3+ 56. Kxe3 Kxh6 57. f4 Kg6 58. f5+ Kxf5 59. Kd4
Kf4 60. Kd3 e5 61. Kc3 e4 62. Kd4 e3 63. Kd3 Kf3 64. Kc3 e2 65. Kd2 Kf2 66. Kc3
e1=N 67. Kd2 h5 68. Kc1 h4 69. Kb2 h3 70. Kc3 h2 71. Kd4 h1=B 72. Ke5 Ke3 73.
Kf5 Nd3 74. Kf6 Ke4 75. Ke6 Kd4 76. Kf5 Be4+ 77. Ke6 {Hossa resigns} 0-1

[Event "ICS rated blitz match"]
[Site "204.178.125.65"]
[Date "1999.08.25"]
[Round "?"]
[White "Panthee"]
[Black "Hossa"]
[Result "1-0"]
[WhiteElo "2200"]
[BlackElo "2474"]
[PlyCount "102"]

1. e4 e5 2. Nf3 Nc6 3. Bc4 Nf6 4. Ng5 d5 5. exd5 Na5 6. Bb5+ c6 7. dxc6 bxc6 8.
Be2 Bc5 9. d3 h6 10. Ne4 Nxe4 11. dxe4 Qxd1+ 12. Bxd1 Ba6 13. Be2 Bxe2 14. Kxe2
O-O-O 15. b3 Rd7 16. c3 Nb7 17. Nd2 Rhd8 18. Nc4 f6 19. b4 Bb6 20. Nxb6+ axb6
21. Be3 Kc7 22. Rhd1 Rxd1 23. Rxd1 Ra8 24. Ra1 Nd6 25. Kd3 b5 26. f3 Nc4 27.
Bc1 Rd8+ 28. Kc2 Ra8 29. Kb3 Ra4 30. a3 h5 31. Ra2 g5 32. g3 Nd6 33. h4 g4 34.
fxg4 hxg4 35. Re2 Kb7 36. h5 f5 37. exf5 Nxf5 38. Rxe5 Nxg3 39. Re7+ Kb6 40.
Be3+ c5 41. Bxc5+ Kc6 42. h6 Ra8 43. h7 Rh8 44. Bd4 Rd8 45. h8=Q Rxh8 46. Bxh8
Nf1 47. Re2 Kd7 48. Bd4 g3 49. c4 bxc4+ 50. Kxc4 Nh2 51. b5 51... Nf3 {
Hossa resigns} 1-0

[Event "ICS rated blitz match"]
[Site "204.178.125.65"]
[Date "1999.08.25"]
[Round "?"]
[White "Hossa"]
[Black "Panthee"]
[Result "0-1"]
[WhiteElo "2447"]
[BlackElo "2227"]
[PlyCount "105"]

1. e4 c5 2. Nf3 a6 3. Nc3 e6 4. d4 cxd4 5. Qxd4 Nc6 6. Qd2 Qc7 7. Be2 Be7 8.
O-O Nf6 9. Rd1 d6 10. Qf4 O-O 11. Be3 Bd7 12. Ng5 Rac8 13. Rd2 Ne5 14. Rad1 Nc4
15. Bxc4 Qxc4 16. e5 Qxf4 17. Bxf4 dxe5 18. Rxd7 Nxd7 19. Rxd7 Bxg5 20. Bxg5 f6
21. Be3 Rfd8 22. Rxd8+ Rxd8 23. f3 Kf7 24. Ne4 Rd1+ 25. Kf2 Rb1 26. Nd6+ Ke7
27. Bc5 Kd7 28. Ba3 b5 29. Ne4 Kc6 30. Kg3 a5 31. Nc3 Rc1 32. Bf8 Rxc2 33. Bxg7
Rxb2 34. Bxf6 Rc2 35. Bxe5 b4 36. Ne4 Rxa2 37. Bg7 b3 38. Be5 Rc2 39. Ng5 Kd5
40. f4 b2 41. Bxb2 Rxb2 42. Nxh7 a4 43. Nf6+ Kd4 44. Ne8 a3 45. Nc7 Rb6 46. Kg4
a2 47. g3 a1=Q 48. h4 Qa7 49. Ne8 Qf7 50. Nc7 Qxc7 51. h5 Qg7+ 52. Kh3 e5 53.
f5 {Hossa resigns} 0-1

[Event "ICS rated blitz match"]
[Site "204.178.125.65"]
[Date "1999.08.25"]
[Round "?"]
[White "Hossa"]
[Black "Panthee"]
[Result "1-0"]
[WhiteElo "2431"]
[BlackElo "2243"]
[PlyCount "28"]

1. e4 c5 2. Nc3 a6 3. Be2 e6 4. Bf3 Nc6 5. d3 Nf6 6. Bg5 Be7 7. Qd2 Qc7 8. Nge2
O-O 9. O-O d6 10. d4 cxd4 11. Nxd4 Ne5 12. Rfd1 Nxf3+ 13. Nxf3 Bd7 14. e5 14...
Nd5 {Panthee resigns} 1-0

[Event "ICS rated blitz match"]
[Site "204.178.125.65"]
[Date "1999.08.25"]
[Round "?"]
[White "Panthee"]
[Black "Hossa"]
[Result "0-1"]
[WhiteElo "2235"]
[BlackElo "2439"]
[PlyCount "80"]

1. e4 c5 2. Nf3 a6 3. c4 Nc6 4. Nc3 e5 5. d3 d6 6. g3 Bg4 7. Bg2 Nd4 8. h3 Bxf3
9. Bxf3 g6 10. Bg2 Bg7 11. O-O Ne7 12. f4 O-O 13. Be3 f5 14. Nd5 fxe4 15. dxe4
Nxd5 16. exd5 Nf5 17. Qe1 Qb6 18. fxe5 Bxe5 19. Bf4 Bd4+ 20. Kh2 Rae8 21. Qd2
Qxb2 22. Qxb2 Bxb2 23. Rab1 Re2 24. Kh1 g5 25. Bf3 gxf4 26. Bxe2 Nxg3+ 27. Kg2
Be5 28. Bf3 Nxf1 29. Kxf1 Rf7 30. Ke2 b5 31. cxb5 axb5 32. Rxb5 Ra7 33. Kd3
Ra3+ 34. Ke4 Re3+ 35. Kf5 Rxf3 36. a4 Rxh3 37. a5 f3 38. a6 f2 39. a7 f1=Q+ 40.
Ke6 40... Qf7# {Panthee checkmated} 0-1

[Event "ICS rated blitz match"]
[Site "204.178.125.65"]
[Date "1999.08.25"]
[Round "?"]
[White "Hossa"]
[Black "Panthee"]
[Result "0-1"]
[WhiteElo "2447"]
[BlackElo "2227"]
[PlyCount "104"]

1. e4 c5 2. Nc3 a6 3. Be2 e6 4. Bf3 Nc6 5. d3 Nf6 6. Bg5 Be7 7. Qd2 Qc7 8. Nge2
O-O 9. O-O Ne5 10. Bh5 Re8 11. Bxf6 Bxf6 12. f4 Nc6 13. f5 Nd4 14. fxe6 dxe6
15. Rae1 Nxe2+ 16. Rxe2 Bd4+ 17. Kh1 g6 18. Bg4 Bxc3 19. Qxc3 e5 20. Bxc8 Raxc8
21. b3 Re6 22. Ref2 Re7 23. Qd2 Qd7 24. Qh6 Qe8 25. Rf6 Rc6 26. Qe3 Rxf6 27.
Rxf6 Qc8 28. Qf3 b5 29. Kg1 c4 30. dxc4 bxc4 31. Qc3 Qc5+ 32. Kf1 Rd7 33. Rxa6
Rd1+ 34. Ke2 Qg1 35. Ra8+ Kg7 36. Qxe5+ Kh6 37. Qf4+ Kg7 38. e5 Qe1+ 39. Kf3
Qc3+ 40. Kg4 Rd4 41. bxc4 Qxc4 42. Qxd4 Qxd4+ 43. Kh3 Qe3+ 44. g3 g5 45. Ra5 h5
46. Ra6 Qxe5 47. Rb6 Qd4 48. Rb1 Qf2 49. Rd1 Kg6 50. Rd6+ f6 51. Rd1 g4+ 52.
Kh4 52... Qxh2# {Hossa checkmated} 0-1

[Event "ICS rated blitz match"]
[Site "204.178.125.65"]
[Date "1999.08.25"]
[Round "?"]
[White "zhora"]
[Black "Hossa"]
[Result "1/2-1/2"]
[WhiteElo "2157"]
[BlackElo "2422"]
[PlyCount "126"]

1. e4 c5 2. Nc3 Nc6 3. Nf3 e6 4. Bb5 d5 5. exd5 exd5 6. O-O Bg4 7. Qe1+ Be7 8.
Ne5 Bd7 9. Nxd7 Qxd7 10. d3 Nf6 11. Bg5 O-O 12. Qd2 Rae8 13. Rfe1 Qf5 14. Bxc6
bxc6 15. Qf4 Qxf4 16. Bxf4 d4 17. Na4 Nd5 18. Bd2 Bd6 19. c4 Nb4 20. Bxb4 cxb4
21. c5 Bf4 22. g3 Bd2 23. Rxe8 Rxe8 24. Kf1 f5 25. Rd1 Bg5 26. Re1 Rxe1+ 27.
Kxe1 g6 28. f4 Bf6 29. Kd1 Kf7 30. Kc2 a5 31. Kb3 Ke6 32. Kc4 h5 33. b3 Ke7 34.
Nb2 h4 35. Nd1 hxg3 36. hxg3 Kf7 37. Nf2 Kg7 38. Nh3 Kh6 39. Ng1 Kh5 40. Nf3
Kg4 41. Ne5+ Kxg3 42. Nxg6 Kg4 43. Ne5+ Kxf4 44. Nxc6 Ke3 45. Nxa5 f4 46. Kd5
f3 47. c6 Bd8 48. Nc4+ Kxd3 49. Ne5+ Ke2 50. Nxf3 d3 51. Ke4 d2 52. Nxd2 Kxd2
53. Kd4 Bc7 54. Kc4 Ba5 55. Kb5 Bd8 56. Kxb4 Kd3 57. a4 Kd4 58. a5 Bc7 59. Kb5
Kc3 60. a6 Bb8 61. c7 Bxc7 62. a7 Be5 63. a8=Q 63... Bd6 {
zhora ran out of time and Hossa has no material to mate} 1/2-1/2

[Event "ICS Rated blitz match"]
[Site "204.178.125.65"]
[Date "1999.08.25"]
[Round "?"]
[White "brutus"]
[Black "Hossa"]
[Result "0-1"]
[WhiteElo "2137"]
[BlackElo "2412"]
[PlyCount "72"]

1. e4 e5 2. Nf3 Nc6 3. Bb5 a6 4. Ba4 b5 5. Bb3 Bc5 6. c3 Nf6 7. O-O Nxe4 8. d4
exd4 9. cxd4 Bb4 10. Nc3 Bxc3 11. bxc3 O-O 12. Qd3 d5 13. Ba3 Re8 14. Rae1 Bf5
15. Qe3 Bg4 16. Qf4 Qd7 17. Re3 Bxf3 18. Rxf3 Rab8 19. Qh4 b4 20. Rh3 bxa3 21.
Qxh7+ Kf8 22. f3 Ng5 23. Qh8+ Ke7 24. Qh4 f6 25. Rg3 Qf5 26. f4 Ne6 27. Re1 Rh8
28. Rxg7+ Kd6 29. Qg3 Nxg7 30. Qxg7 Qxf4 31. Qf7 Qxh2+ 32. Kf1 Qf4+ 33. Kg1
Rh1+ 34. Kxh1 Qh4+ 35. Kg1 Qxe1+ 36. Kh2 36... Rh8+ {brutus resigns} 0-1

[Event "ICS Rated blitz match"]
[Site "204.178.125.65"]
[Date "1999.08.25"]
[Round "?"]
[White "Hossa"]
[Black "Zamok"]
[Result "1-0"]
[WhiteElo "2417"]
[BlackElo "2181"]
[PlyCount "95"]

1. d4 Nf6 2. c4 e6 3. Nc3 Bb4 4. Bg5 c5 5. d5 d6 6. f3 Qe7 7. e4 exd5 8. cxd5
Bxc3+ 9. bxc3 Qe5 10. Bxf6 Qxf6 11. Bb5+ Bd7 12. Bxd7+ Nxd7 13. Ne2 Qg5 14. O-O
Qe3+ 15. Rf2 O-O 16. Qc1 Qxc1+ 17. Rxc1 Ne5 18. Rb1 b6 19. Ng3 Nc4 20. Re2 g6
21. Kf2 h5 22. Nf1 Rfe8 23. Ne3 Nxe3 24. Rxe3 f6 25. c4 Kf7 26. f4 Re7 27. h4
Rae8 28. Kf3 f5 29. Rbe1 fxe4+ 30. Rxe4 Rxe4 31. Rxe4 Rxe4 32. Kxe4 Kf6 33. a4
a6 34. g3 a5 35. Ke3 Kf5 36. Kf3 Kf6 37. g4 Kf7 38. g5 Ke7 39. Ke4 Kf7 40. f5
Kg7 41. Kf4 Kf7 42. fxg6+ Kxg6 43. Ke4 Kg7 44. Kf5 Kf7 45. g6+ Kg7 46. Kg5 Kg8
47. Kf6 b5 48. axb5 {Zamok resigns} 1-0

[Event "ICS rated blitz match"]
[Site "204.178.125.65"]
[Date "1999.08.25"]
[Round "?"]
[White "monkeys"]
[Black "Hossa"]
[Result "0-1"]
[WhiteElo "2258"]
[BlackElo "2424"]
[PlyCount "60"]

1. d3 Nf6 2. c4 e5 3. g3 d5 4. Nd2 Bc5 5. Bg2 dxc4 6. Nxc4 Ng4 7. Nh3 O-O 8.
O-O Qe7 9. a3 Rd8 10. b4 Bd4 11. Rb1 f6 12. Bb2 Bxb2 13. Rxb2 Nc6 14. f3 Be6
15. fxg4 Bxc4 16. dxc4 Rxd1 17. Rxd1 e4 18. Nf2 e3 19. Ne4 Rd8 20. Rbb1 Nd4 21.
Bf3 Nxe2+ 22. Bxe2 Rxd1+ 23. Rxd1 Qxe4 24. Rd8+ Kf7 25. Rd7+ Ke6 26. Rxg7 Qb1+
27. Kg2 Qe1 28. Bf3 Qf2+ 29. Kh3 Qxf3 30. Rxc7 30... e2 {monkeys resigns} 0-1

[Event "ICS rated blitz match"]
[Site "204.178.125.65"]
[Date "1999.08.25"]
[Round "?"]
[White "Hossa"]
[Black "Zamok"]
[Result "1-0"]
[WhiteElo "2433"]
[BlackElo "2209"]
[PlyCount "117"]

1. d4 Nf6 2. c4 e6 3. Nc3 Bb4 4. Bg5 c5 5. d5 d6 6. f3 Qe7 7. e4 exd5 8. cxd5
Bxc3+ 9. bxc3 Qe5 10. Bxf6 Qxf6 11. Bb5+ Bd7 12. Bxd7+ Nxd7 13. Ne2 Qg5 14. O-O
Qe3+ 15. Rf2 O-O 16. Qc1 Qxc1+ 17. Rxc1 Ne5 18. Rb1 Rfb8 19. Ng3 b5 20. f4 Nd3
21. Rf3 c4 22. Nf5 Rb6 23. a4 a6 24. a5 Rbb8 25. Nxd6 Rd8 26. Nf5 g6 27. Ne7+
Kf8 28. Nc6 Rdc8 29. e5 Rc7 30. Nb4 Nxb4 31. Rxb4 Rd8 32. d6 Rc5 33. Re3 Rd5
34. Kf2 Ke8 35. Re2 Kd7 36. g3 Ke6 37. Rb1 Rd3 38. Rc1 Rb8 39. h3 h5 40. Re3
Rd2+ 41. Re2 Rd3 42. h4 b4 43. cxb4 Rxb4 44. Rec2 Rbb3 45. Rxc4 Rf3+ 46. Ke1
Rfe3+ 47. Kd1 Rxg3 48. Rc7 Rb2 49. R1c2 Rg1+ 50. Kd2 Rg2+ 51. Kd3 Rb3+ 52. R2c3
Rbb2 53. Ke4 Rb4+ 54. Kf3 Rg4 55. Re7+ Kf5 56. Rxf7+ Ke6 57. Rf6+ Kd5 58. d7
Rb8 59. Rd6# {Zamok checkmated} 1-0

[Event "ICS rated blitz match"]
[Site "204.178.125.65"]
[Date "1999.08.25"]
[Round "?"]
[White "Zamok"]
[Black "Hossa"]
[Result "0-1"]
[WhiteElo "2202"]
[BlackElo "2440"]
[PlyCount "78"]

1. e4 c5 2. Nf3 a6 3. d4 cxd4 4. Nxd4 Nf6 5. f3 e5 6. Nb3 d5 7. exd5 Nxd5 8. c4
Nb4 9. Qxd8+ Kxd8 10. Na3 Kc7 11. Be3 Be7 12. Be2 Rd8 13. O-O Nd3 14. Bxd3 Rxd3
15. Kf2 Be6 16. c5 Bxb3 17. axb3 Rxb3 18. Nc4 Rb5 19. Ra5 Rxa5 20. Nxa5 Nc6 21.
Nc4 f5 22. Ke2 Re8 23. Nb6 Nd4+ 24. Bxd4 exd4 25. Kd3 Bxc5 26. Na4 Kd6 27. Rc1
Re3+ 28. Kd2 Bb4+ 29. Kd1 Re1+ 30. Kc2 d3+ 31. Kb1 d2 32. Rxe1 dxe1=Q+ 33. Kc2
Ba5 34. Nc3 Qf2+ 35. Kd3 Qxb2 36. g4 Qxc3+ 37. Ke2 Qd2+ 38. Kf1 Bb6 39. gxf5
39... Qf2# {Zamok checkmated} 0-1

[Event "ICS rated blitz match"]
[Site "204.178.125.65"]
[Date "1999.08.25"]
[Round "?"]
[White "Hossa"]
[Black "Zamok"]
[Result "1-0"]
[WhiteElo "2446"]
[BlackElo "2196"]
[PlyCount "121"]

1. d4 Nf6 2. c4 e6 3. Nc3 Bb4 4. Bg5 c5 5. d5 d6 6. f3 Qe7 7. e4 exd5 8. cxd5
Bxc3+ 9. bxc3 Qe5 10. Bxf6 Qxf6 11. Bb5+ Bd7 12. Bxd7+ Nxd7 13. Ne2 Qg5 14. O-O
Qe3+ 15. Rf2 Ne5 16. Qa4+ Kf8 17. Raf1 Nd3 18. Qd7 Qh6 19. Qxb7 Re8 20. Qxa7
Nxf2 21. Rxf2 Qf6 22. Qb6 g6 23. Rf1 Kg7 24. Qb2 Rb8 25. Qd2 Rb7 26. Re1 Rhb8
27. Ra1 Rb1+ 28. Rxb1 Rxb1+ 29. Nc1 h6 30. Qc2 Rb8 31. Nb3 Qg5 32. c4 Qe3+ 33.
Kf1 Rb4 34. Na5 Qd4 35. Nb3 Qxc4+ 36. Qxc4 Rxc4 37. e5 Kf8 38. exd6 Ke8 39. Ke2
Rc2+ 40. Kd3 Rxa2 41. g4 Kd7 42. Nxc5+ Kxd6 43. Ne4+ Kxd5 44. Nc3+ Ke5 45. Nxa2
Kf4 46. Ke2 f5 47. gxf5 Kxf5 48. Nc3 g5 49. Ke3 g4 50. f4 h5 51. Ne2 h4 52.
Nd4+ Kg6 53. Ke4 g3 54. hxg3 hxg3 55. Nf5 g2 56. Nh4+ Kf6 57. Nxg2 Kf7 58. Ke5
Kf8 59. f5 Kf7 60. f6 Kf8 61. Ke6 {Zamok resigns} 1-0

[Event "ICS rated blitz match"]
[Site "204.178.125.65"]
[Date "1999.08.25"]
[Round "?"]
[White "Zamok"]
[Black "Hossa"]
[Result "0-1"]
[WhiteElo "2190"]
[BlackElo "2452"]
[PlyCount "40"]

1. e4 c5 2. Nf3 a6 3. c4 Nc6 4. d4 cxd4 5. Nxd4 e5 6. Nf5 d5 7. cxd5 Bxf5 8.
exf5 Nd4 9. Nc3 Rc8 10. Qa4+ b5 11. Qd1 Bb4 12. Bd2 Ne7 13. Bd3 Nxd5 14. Nxd5
Bxd2+ 15. Qxd2 Qxd5 16. O-O O-O 17. Rac1 e4 18. Rxc8 Rxc8 19. Rc1 Rd8 20. Bxe4
20... Nf3+ {Zamok resigns} 0-1